<?xml version="1.0" encoding="UTF-8"?><?xml-stylesheet type="text/xsl" href="static/style.xsl"?><OAI-PMH xmlns="http://www.openarchives.org/OAI/2.0/" xmlns:xsi="http://www.w3.org/2001/XMLSchema-instance" xsi:schemaLocation="http://www.openarchives.org/OAI/2.0/ http://www.openarchives.org/OAI/2.0/OAI-PMH.xsd"><responseDate>2026-04-27T23:23:13Z</responseDate><request verb="GetRecord" identifier="oai:uvadoc.uva.es:10324/57879" metadataPrefix="marc">https://uvadoc.uva.es/oai/request</request><GetRecord><record><header><identifier>oai:uvadoc.uva.es:10324/57879</identifier><datestamp>2022-12-21T20:01:41Z</datestamp><setSpec>com_10324_38</setSpec><setSpec>col_10324_852</setSpec></header><metadata><record xmlns="http://www.loc.gov/MARC21/slim" xmlns:doc="http://www.lyncode.com/xoai" xmlns:xsi="http://www.w3.org/2001/XMLSchema-instance" xmlns:dcterms="http://purl.org/dc/terms/" xsi:schemaLocation="http://www.loc.gov/MARC21/slim http://www.loc.gov/standards/marcxml/schema/MARC21slim.xsd">
<leader>00925njm 22002777a 4500</leader>
<datafield tag="042" ind1=" " ind2=" ">
<subfield code="a">dc</subfield>
</datafield>
<datafield tag="720" ind1=" " ind2=" ">
<subfield code="a">Martínez Andrés, Tamara</subfield>
<subfield code="e">author</subfield>
</datafield>
<datafield tag="260" ind1=" " ind2=" ">
<subfield code="c">2022</subfield>
</datafield>
<datafield tag="520" ind1=" " ind2=" ">
<subfield code="a">En la actualidad, en el aula de Educación Infantil se está introduciendo cada vez más el aprendizaje de las ciencias naturales basándose en la metodología por rincones a través de la manipulación y experimentación, a través del juego y de las salidas fuera del aula, viendo los resultados obtenidos en la propuesta desarrollada en este proyecto en el cual se trabaja con las metodologías citadas anteriormente.&#xd;
En este Trabajo de Fin de Grado se desarrolla una propuesta para el alumnado de 3 años de Educación Infantil del Colegio Villa y Tierra de Saldaña</subfield>
</datafield>
<datafield tag="024" ind2=" " ind1="8">
<subfield code="a">https://uvadoc.uva.es/handle/10324/57879</subfield>
</datafield>
<datafield tag="245" ind1="0" ind2="0">
<subfield code="a">Descubrimos y experimentamos con las ciencias naturales</subfield>
</datafield>
</record></metadata></record></GetRecord></OAI-PMH>